Taylor Swift - guess the song with no hints ⭒14 - Statistics

General Stats
  • This quiz has been taken 1,866 times
  • The average score is 165 of 295
Answer Stats
Answer % Correct
I
100%
a
99%
you
98%
You
98%
you,
98%
the
95%
The
95%
me
93%
me'
93%
and
90%
And
90%
we
89%
your
87%
it
86%
on
85%
to
85%
where
84%
in
83%
be
81%
do
81%
then
76%
no
75%
of
75%
Were
75%
so
72%
So
72%
that
72%
all
71%
They
70%
like
69%
too
68%
Was
68%
was
68%
what
68%
It's
66%
it's
66%
can
65%
know,
63%
but
62%
But
62%
'don't
61%
one
61%
time,
58%
Had
57%
had
57%
can't
54%
I've
54%
how
53%
never
53%
see,
53%
did,
52%
With
52%
got
51%
I'd
51%
over
50%
get
49%
been
46%
'Cause
46%
off
46%
Now
45%
last
44%
out,
44%
out
44%
has
43%
day
40%
still
39%
Still
39%
every
38%
here
38%
hands
36%
pocket,
33%
wish
28%
long
27%
lost
27%
meant
27%
Once
27%
right
26%
way
26%
best
24%
rain
24%
really
24%
Shouldn't
24%
amount
23%
clean
23%
leave
23%
used
23%
gets
21%
pockets
21%
worst
21%
drop
20%
find
20%
met
20%
Reminds
20%
reminds
20%
around
19%
die
19%
freedom
19%
myself
19%
cried
18%
Held
18%
held
18%
knows,
18%
lived,
18%
old
18%
part
18%
burned
17%
change
17%
found
17%
learned
17%
tears
17%
turn
17%
God
16%
pavement
16%
dollar
15%
watched
15%
dried
14%
June
14%
wasted
14%
air
13%
child
13%
grin
13%
lied,
13%
spent
13%
Swore
13%
traded
13%
breath
12%
roads
12%
stain,
12%
walls
12%
bathroom
11%
county
11%
graffiti
11%
melted
11%
smiled,
11%
stalls
11%
underneath
11%
breathe
10%
muddy
10%
scratch
10%
stones,
9%
tires
9%
'em
8%
No matching quizzes found
Score Distribution
Percent of People with Each Score
Percentile by Number Answered
Your Score History
You have not taken this quiz